Statistiken für Länder, die Kanada am Nächsten Liegen - Eine Minute Sprint

Klicken Sie hier um das Quiz zu spielen!

Allgemein

  • Dieses Quiz wurde 64 mal gespielt
  • Das Durchschnittsergebnis liegt bei 11 aus 20

Antwortstatistiken

kmLand% Korrekt
0Vereinigte Staaten
100%
1809Mexiko
94%
1238Russland
84%
26Grönland (Dänemark)
78%
1638Island
67%
2065Kuba
65%
8St-Pierre und Miquelon (Frankreich)
59%
1232Bermuda (Vereinigtes Königreich)
57%
2625Jamaika
57%
1657Bahamas
55%
2733Guatemala
53%
2200Norwegen
49%
2642Belize
43%
2342Finnland
43%
2582Haiti
43%
2352Schweden
41%
2644Dominikanische Republik
39%
2823Honduras
39%
1928Azoren (Portugal)
33%
2832Sint Maarten (Niederlande)
18%

Verteilung der Resultate

Perzentil nach korrekt beantworteten Fragen

Anzahl Personen mit jedem Resultat

Ihre Resultats-Entwicklung

Sie haben dieses Quiz noch nicht gespielt